| 000 | 01317nam a2200229Ia 4500 | ||
|---|---|---|---|
| 003 | Ost | ||
| 005 | 20260507075330.0 | ||
| 008 | 260507s9999||||xx |||||||||||||| ||und|| | ||
| 020 | _a9789957065669 | ||
| 040 | _cfsecg | ||
| 041 | _aara | ||
| 082 | _a330 | ||
| 100 |
_aالسكارنة، بلال خلف _eمؤلف |
||
| 245 | 0 |
_aأخلاقيات العمل / _c بلال خلف السكارنة |
|
| 260 |
_aعمان: _bدار المسيرة, _c2011 |
||
| 300 |
_a463 صفحة؛ _bإيضاحات ؛ _c25 سم |
||
| 520 | _aمفهوم أخلاقيات العمل ، اخلاقيات العمل الوظيفي ، قيم الفرد و المنظمات و أخلاقيات العمل ، الانضباط و الالتزام الوظيفي ، المسؤولية الاجتماعية لمنظمات الأعمال ، مدونة و قواعد السلوك ، السلوك العدواني للموظف و أخلاقيات العمل ، الفساد الاداري ، الحوكمة ، الثقافة التنظيمية و أخلاقيات العمل ، الانترنيت و أخلاقيات العمل ، أخلاقيات العمل و مهارات الاتصال مع الأخرين | ||
| 653 | _aأخلاقيات المهنة | ||
| 653 | _aإدارة الأعمال | ||
| 653 | _aالعمل | ||
| 942 | _cكتاب | ||
| 999 |
_c43995 _d43995 |
||